| 000 | 01672nam0a2200433 4500 | ||
|---|---|---|---|
| 001 | RU\NLR\BIBL_A\022273350 | ||
| 005 | 20260408204941.0 | ||
| 010 |
_a978-5-6047705-6-6 _91000 |
||
| 035 | _a(RuMoRGB)011184256 | ||
| 035 | _a(NLR Aleph) 022273350 | ||
| 090 |
_a12362631 _c12362631 |
||
| 100 | _a20240708d2022 |||y0rusy50 ca | ||
| 101 | 0 | _arus | |
| 102 | _aRU | ||
| 105 | _ay|||z|||000yy | ||
| 181 | 0 |
_ai _baxxe |
|
| 182 | 0 | _an | |
| 200 | 1 |
_aГиперборейский Гимн _fАким Волынский _gпредисловие Олега Матвейчева |
|
| 203 |
_aТекст _bвизуальный _cнепосредственный |
||
| 210 |
_aМосква _cКнижный мир _d2022 |
||
| 215 |
_a235 с. _d21 |
||
| 320 | _aБиблиогр. в подстроч. примеч. | ||
| 333 | _a12+ | ||
| 600 | 1 |
_aВолынский _bА. Л. _gАким Львович _f1861 - 1926 _3RU\NLR\AUTH\661589539 _92130707 |
|
| 606 | 1 |
_aРелигиозная философия _yРоссия _z20 в. _91259211 _3RU\NLR\AUTH\66516728 |
|
| 607 |
_aГиперборея _92137902 _3RU\NLR\AUTH\661288925 |
||
| 686 | 1 | _aЮ3(2)6-678 | |
| 686 | 1 | _aЭ210.33 | |
| 686 | 1 | _aТ3(2)0-01 | |
| 686 | 2 | _aШ6(2=Р)71-467 | |
| 686 | 1 | _aЩ33г(2Р=Рус)53дВолынский | |
| 686 | 1 | _aЩ10г(2Р=Рус)53дВолынский | |
| 700 | 1 |
_8rus _7ca _aВолынский _bА. Л. _f1861-1926 _gАким Львович _3RU\NLR\AUTH\7722548 _95605 |
|
| 702 | 1 |
_aМатвейчев _bО. А. _f1970- _gОлег Анатольевич _4080 |
|
| 942 | _cBOOK | ||
| 980 | _aNB | ||